000 00245nam a2200097Ia 4500
001 751345
005 20250826164642.0
008 250824s9999 xx 000 0 und d
245 0 _aİSTANBUL MACERASI
_cASENA MERİÇ
260 _bYEDİVEREN YAYINLARI
999 _c751345
_d751345